[Event "AChIP06"]
[Site "Paris"]
[Date "????.??.??"]
[Round "7.3"]
[White "Peric, Slavisa"]
[Black "Sonter, Matthew"]
[Result "1-0"]
[WhiteElo "2274"]
[BlackElo "2169"]
[PlyCount "107"]

1. d4 Nf6 2. Nf3 e6 3. e3 b6 4. Bd3 Bb7 5. Nbd2 c5 6. O-O Nc6 7. a3 Qc7 8. b3
cxd4 9. exd4 Nxd4 10. Nxd4 Qc3 11. Nxe6 fxe6 12. Rb1 Qc7 13. Bb2 O-O-O 14. Qe2
Bd6 15. g3 Qc6 16. f3 Bc5+ 17. Kh1 h5 18. Be5 Ng4 19. Bf4 h4 20. Ne4 hxg3 21.
Bxg3 Nf6 22. Nxc5 Qxc5 23. b4 Nh5 24. Be5 Qe7 25. Rg1 d6 26. Bg3 g5 27. Ba6 Rh6
28. Rbd1 e5 29. Qc4+ Qc7 30. Bxb7+ Kxb7 31. Qd5+ Qc6 32. Bxe5 Qxd5 33. Rxd5 Kc6
34. Rgd1 Nf4 35. b5+ Kc7 36. Bxf4 gxf4 37. Rf5 Rh4 38. Rf7+ Rd7 39. Rxd7+ Kxd7
40. Rg1 Rh5 41. a4 Rc5 42. Rg2 Ke6 43. h4 Rh5 44. Rg4 Ke5 45. Kg2 Rh7 46. Kh3
Rc7 47. Rg2 Kf5 48. Rg5+ Kf6 49. Rg2 Kf5 50. h5 Rc3 51. h6 Rc8 52. h7 Rh8 53.
Rg7 Ke5 54. Kg4 1-0

[Event "AChIP06"]
[Site "Paris"]
[Date "????.??.??"]
[Round "7.4"]
[White "Nemirovski, Serge"]
[Black "Quach, Charlie"]
[Result "1-0"]
[WhiteElo "2268"]
[BlackElo "2112"]
[PlyCount "81"]

1. d4 Nf6 2. Nf3 g6 3. Bf4 Bg7 4. e3 O-O 5. Be2 d6 6. O-O h6 7. h3 b6 8. c4 c5
9. Nc3 Bb7 10. d5 Na6 11. Qd2 Kh7 12. Rae1 Nc7 13. e4 Nd7 14. Bd3 Ne5 15. Nxe5
dxe5 16. Bh2 e6 17. f4 exf4 18. Qxf4 e5 19. Qe3 Ne8 20. Rf3 a6 21. a4 Nd6 22.
b3 Rc8 23. Ref1 Kg8 24. Kh1 Rb8 25. a5 Bc8 26. axb6 Rxb6 27. Rb1 f5 28. exf5
gxf5 29. Bxe5 Re8 30. Rg3 Rb7 31. Qf4 Rxe5 32. Qxe5 Kh8 33. Qe1 Re7 34. Qd2 f4
35. Qxf4 Rf7 36. Qd2 Qh4 37. Qe1 Re7 38. Ne2 Qf6 39. Rg6 Qe5 40. Qg3 Bf5 41.
Rxd6 1-0

[Event "AChIP06"]
[Site "Paris"]
[Date "????.??.??"]
[Round "7.5"]
[White "Aurel, Luc"]
[Black "Kukov, Velislav"]
[Result "0-1"]
[WhiteElo "2158"]
[BlackElo "2258"]
[PlyCount "76"]

1. e4 c6 2. d4 d5 3. f3 e6 4. Nc3 Nf6 5. Nge2 b6 6. Bf4 Ba6 7. Qd2 Bb4 8. a3
Be7 9. h3 Bxe2 10. Bxe2 Nh5 11. Be3 Bh4+ 12. Kd1 Ng3 13. Rg1 O-O 14. Kc1 b5 15.
Bd1 f5 16. exd5 exd5 17. Kb1 Nd7 18. Ne2 Qe7 19. Nxg3 Bxg3 20. Bf2 Bxf2 21.
Qxf2 Rae8 22. f4 Nf6 23. Bf3 Ne4 24. Qe1 Qd6 25. Qc1 b4 26. Ra2 Rb8 27. Ka1 a5
28. Qe3 Rfe8 29. Qc1 c5 30. dxc5 Qxc5 31. Rd1 d4 32. g4 g6 33. gxf5 gxf5 34.
Rg1+ Kh8 35. h4 Rec8 36. Qd1 b3 37. cxb3 d3 38. b4 Qd4 0-1

[Event "AChIP06"]
[Site "Paris"]
[Date "????.??.??"]
[Round "7.6"]
[White "Vialatte, Jean-Charles"]
[Black "Baillon, Olivier"]
[Result "1-0"]
[WhiteElo "2091"]
[BlackElo "2207"]
[PlyCount "121"]

1. d4 e6 2. c4 b6 3. Nc3 Bb4 4. Qc2 Bb7 5. a3 Bxc3+ 6. Qxc3 f5 7. Qg3 g6 8. Bg5
Nf6 9. Bxf6 Qxf6 10. Qxc7 Ba6 11. e3 O-O 12. Rc1 Rc8 13. Qd6 Rc6 14. Qb4 d5 15.
c5 Bxf1 16. Kxf1 Qe7 17. Qc3 bxc5 18. dxc5 Nd7 19. b4 e5 20. Nf3 a5 21. g3 Rac8
22. Kg2 h6 23. Rhd1 Qe6 24. Qb3 Nf6 25. Rc2 g5 26. Qb2 Nd7 27. Rcd2 g4 28. Ne1
Nf6 29. Nd3 d4 30. exd4 Qd5+ 31. Kg1 Ne4 32. Rc2 Ng5 33. Qa2 Nf3+ 34. Kf1 Rd8
35. Qxd5+ Rxd5 36. dxe5 axb4 37. axb4 Nxe5 38. Nb2 Rxd1+ 39. Nxd1 Nd3 40. Rc4
Kf7 41. Rd4 Ne5 42. Ne3 Ke6 43. Kg2 h5 44. Nd5 Nf3 45. Nf4+ Ke5 46. Rd1 h4 47.
Nd3+ Ke4 48. gxh4 f4 49. b5 Nxh4+ 50. Kh1 Rh6 51. Ne1 g3 52. fxg3 fxg3 53. hxg3
Nf3+ 54. Kg2 Rh2+ 55. Kf1 Nxe1 56. Rxe1+ Kf3 57. Kg1 Rg2+ 58. Kh1 Rb2 59. b6
Kxg3 60. Rc1 Rb5 61. Kg1 1-0

[Event "AChIP06"]
[Site "Paris"]
[Date "????.??.??"]
[Round "7.7"]
[White "Rene, Benoit"]
[Black "Doebele, Victor"]
[Result "1-0"]
[WhiteElo "2256"]
[BlackElo "1946"]
[PlyCount "42"]

1. Nf3 Nf6 2. g3 b6 3. Bg2 Bb7 4. O-O g6 5. d3 d5 6. Nbd2 Bg7 7. e4 dxe4 8.
dxe4 Nxe4 9. Ng5 f5 10. Ndxe4 Qxd1 11. Rxd1 fxe4 12. Ne6 Be5 13. Rd8+ Kf7 14.
Rxh8 Bxh8 15. Nxc7 Nc6 16. Nxa8 Bxa8 17. Bxe4 Bb7 18. c3 Bg7 19. Be3 Na5 20.
Bxb7 Nxb7 21. Rd1 Nd6 1-0

[Event "AChIP06"]
[Site "Paris"]
[Date "????.??.??"]
[Round "7.8"]
[White "El Farihi, Mohsine"]
[Black "Jablonski, Noham"]
[Result "0-1"]
[WhiteElo "2153"]
[BlackElo "2254"]
[PlyCount "126"]

1. d4 f5 2. g3 Nf6 3. c4 d6 4. Nf3 g6 5. Bg2 Bg7 6. Nc3 O-O 7. O-O Qe8 8. d5 a5
9. Be3 Na6 10. Qc1 Ng4 11. Bf4 Nc5 12. h3 e5 13. dxe6 Ne5 14. Nd5 Nxe6 15. Nxe5
dxe5 16. Bh6 Qf7 17. Bxg7 Qxg7 18. f4 exf4 19. gxf4 c6 20. Ne3 Qd4 21. Kh1 Re8
22. b3 Ng7 23. Nc2 Qf6 24. e3 Nh5 25. Kh2 Be6 26. Nd4 Bf7 27. Nf3 Re7 28. Qd2
Rae8 29. Ne5 g5 30. Bf3 Bg6 31. Bxh5 Bxh5 32. Qxa5 g4 33. Rg1 Rxe5 34. fxe5
Rxe5 35. Qd2 Re6 36. Rad1 Be8 37. Rg3 h5 38. Qd8 h4 39. Rgg1 g3+ 40. Kg2 Re7
41. Rgf1 Qe6 42. Qd4 c5 43. Qf4 Qf6 44. Rd2 Qc3 45. e4 Rxe4 46. Qg5+ Qg7 47.
Rxf5 Bc6 48. Rd8+ Be8 49. Kf3 Re1 50. Rxc5 Qxg5 51. Rxg5+ Kf7 52. Rd3 Rh1 53.
Rd6 Bc6+ 54. Kf4 Rxh3 55. Ke5 Rh1 56. Rf6+ Ke8 57. Rg8+ Ke7 58. Rg7+ Kd8 59.
Rf8+ Be8 60. Rxb7 g2 61. Kd6 Rd1+ 62. Ke6 g1=Q 63. Rb8+ Kc7 0-1

[Event "AChIP06"]
[Site "Paris"]
[Date "????.??.??"]
[Round "7.9"]
[White "Lorand, Philippe"]
[Black "Pozdnjakov, Evgueniy"]
[Result "1/2-1/2"]
[WhiteElo "2144"]
[BlackElo "2240"]
[PlyCount "103"]

1. e4 e6 2. d4 d5 3. Nc3 Nf6 4. e5 Nfd7 5. Nce2 c5 6. c3 Nc6 7. f4 Qb6 8. Nf3
f6 9. a3 a5 10. b3 Be7 11. h4 O-O 12. Rh3 cxd4 13. cxd4 fxe5 14. fxe5 Ndxe5 15.
dxe5 Nxe5 16. Nxe5 Bxh4+ 17. Kd2 Bf6 18. Bb2 Qd6 19. Qc2 h6 20. Qc3 Bd7 21. Qd4
Rac8 22. Rf3 Be8 23. Ng3 Bg6 24. Bd3 Bxd3 25. Rxd3 Bg5+ 26. Kd1 Rf4 27. Qa7 b6
28. Qxg7+ Kxg7 29. Nc4+ Kg6 30. Nxd6 Rc6 31. Be5 Rf2 32. Rc3 Rxc3 33. Bxc3 Bf4
34. Nh1 Rxg2 35. Nb5 e5 36. Be1 Rb2 37. b4 e4 38. Nc3 e3 39. Ne2 Be5 40. Rc1 d4
41. Nxd4 Bxd4 42. Ng3 axb4 43. axb4 h5 44. Ne2 Be5 45. Rc6+ Kg5 46. Rxb6 Rb1+
47. Nc1 Bb2 48. Rc6 h4 49. Rc5+ Kg4 50. Rc4+ Kf3 51. Bxh4 Bxc1 52. Rxc1 1/2-1/2

[Event "AChIP06"]
[Site "Paris"]
[Date "????.??.??"]
[Round "7.10"]
[White "Stoenescu, Radu"]
[Black "Cruz Alvarez De Ron, Dan"]
[Result "1-0"]
[WhiteElo "2123"]
[BlackElo "2219"]
[PlyCount "73"]

1. e4 g6 2. d4 Bg7 3. c3 d6 4. f4 d5 5. e5 h5 6. Bd3 Nh6 7. Nf3 Na6 8. Be3 c6
9. Nh4 Bg4 10. Qc2 e6 11. Bf2 Nf5 12. Nxf5 Bxf5 13. Bxf5 gxf5 14. Qe2 Qe7 15.
Nd2 O-O-O 16. Nf3 h4 17. O-O-O Rdg8 18. Ng5 f6 19. exf6 Bxf6 20. Be3 Nc7 21.
Rde1 e5 22. dxe5 Bxg5 23. fxg5 Qxe5 24. Qf3 Qe4 25. Rhf1 Qxf3 26. Rxf3 Nb5 27.
Rxf5 Nd6 28. Rf6 Ne4 29. Rh6 Kd7 30. Bd4 Rxh6 31. gxh6 Ng5 32. Bf6 Rg6 33. Re7+
Kd6 34. Bxg5 Rxg5 35. Rxb7 a5 36. h7 Rh5 37. Kd2 1-0

[Event "AChIP06"]
[Site "Paris"]
[Date "????.??.??"]
[Round "8.1"]
[White "Sohier, Julien"]
[Black "Peric, Slavisa"]
[Result "0-1"]
[WhiteElo "2203"]
[BlackElo "2274"]
[PlyCount "62"]

1. e4 e6 2. d4 d5 3. Nd2 dxe4 4. Nxe4 Nd7 5. Nf3 Ngf6 6. Bg5 h6 7. Bh4 Be7 8.
Nxf6+ Bxf6 9. Bxf6 Qxf6 10. Bd3 c5 11. O-O cxd4 12. Re1 O-O 13. Re4 Nc5 14.
Rxd4 b6 15. Qe2 Bb7 16. Rd1 Rad8 17. Rxd8 Rxd8 18. Ne5 Rd5 19. Re1 Nxd3 20.
cxd3 Qg5 21. f3 Qd8 22. Qe4 Qc7 23. Qe3 Ba6 24. d4 Qd6 25. Rd1 f6 26. Ng6 e5
27. Qb3 Kf7 28. dxe5 Qc5+ 29. Kh1 Bc4 30. Rxd5 Qxd5 31. e6+ Kxg6 0-1

[Event "AChIP06"]
[Site "Paris"]
[Date "????.??.??"]
[Round "8.3"]
[White "Kukov, Velislav"]
[Black "Vialatte, Jean-Charles"]
[Result "1-0"]
[WhiteElo "2258"]
[BlackElo "2091"]
[PlyCount "81"]

1. d4 e6 2. Nf3 d5 3. c4 c6 4. cxd5 exd5 5. Qc2 f5 6. Nc3 Nf6 7. Bg5 Be7 8. e3
O-O 9. Bd3 Ne4 10. Bxe7 Qxe7 11. O-O Nd7 12. Rae1 Qf6 13. Nd2 b6 14. f3 Ng5 15.
f4 Ne4 16. Nf3 Bb7 17. Ne5 Nxe5 18. fxe5 Qe6 19. g4 g6 20. gxf5 gxf5 21. Ne2
Kh8 22. Nf4 Rg8+ 23. Kh1 Qh6 24. Bxe4 fxe4 25. Rg1 Rxg1+ 26. Rxg1 Rg8 27. Rxg8+
Kxg8 28. Qg2+ Qg7 29. b4 Qxg2+ 30. Kxg2 Bc8 31. Kg3 Kf7 32. Kh4 Bf5 33. Kg5 Bg6
34. a3 a6 35. h4 Ke7 36. h5 Be8 37. Kh6 Bd7 38. Kxh7 Bf5+ 39. Kg7 a5 40. h6 c5
41. dxc5 1-0

[Event "AChIP06"]
[Site "Paris"]
[Date "????.??.??"]
[Round "8.4"]
[White "Rene, Benoit"]
[Black "Launiau, Severin"]
[Result "1/2-1/2"]
[WhiteElo "2256"]
[BlackElo "2100"]
[PlyCount "47"]

1. Nf3 e6 2. g3 b6 3. Bg2 Bb7 4. O-O f5 5. d3 Nf6 6. Nbd2 Bc5 7. e4 fxe4 8.
dxe4 O-O 9. Qe2 Nc6 10. e5 Nd5 11. Ne4 Nd4 12. Nxd4 Bxd4 13. Ng5 Rf5 14. Nf3 c5
15. c4 Ba6 16. Rd1 Rc8 17. Nxd4 cxd4 18. Rxd4 Qc7 19. Qd2 Bxc4 20. b3 Bb5 21.
Bb2 Nc3 22. Bxc3 Qxc3 23. Qxc3 Rxc3 24. f4 1/2-1/2

[Event "AChIP06"]
[Site "Paris"]
[Date "????.??.??"]
[Round "8.5"]
[White "Jablonski, Noham"]
[Black "Stoenescu, Radu"]
[Result "0-1"]
[WhiteElo "2254"]
[BlackElo "2123"]
[PlyCount "104"]

1. e4 c5 2. Nf3 d6 3. Nc3 Nf6 4. g3 Bg4 5. Bg2 Nc6 6. h3 Bxf3 7. Qxf3 g6 8. O-O
Bg7 9. d3 O-O 10. Qd1 Rb8 11. f4 Nd4 12. Ne2 Nd7 13. f5 b5 14. Nf4 b4 15. Be3
Nb6 16. Qd2 Na4 17. Nd5 Nb6 18. Nf4 Qd7 19. Rf2 Be5 20. c3 bxc3 21. bxc3 Nb5
22. Ne2 Rfc8 23. Raf1 Bh8 24. fxg6 fxg6 25. Bh6 Bf6 26. g4 Qc7 27. Qf4 d5 28.
Qxc7 Nxc7 29. g5 Be5 30. h4 Re8 31. d4 cxd4 32. cxd4 Bg7 33. Bxg7 Kxg7 34. Rf7+
Kg8 35. e5 Ne6 36. Bh3 Ng7 37. e6 Nc4 38. Nc3 Rbd8 39. Nb5 Ne3 40. R1f3 Nef5
41. Bxf5 Nxf5 42. Ra3 Rb8 43. Nc7 Rec8 44. Rxa7 Rb2 45. a4 Rc2 46. Rxf5 gxf5
47. Nxd5 Rb8 48. Ne3 Rb1+ 49. Nf1 Rcc1 50. Rxe7 Rxf1+ 51. Kh2 Rfd1 52. Rd7 Rd3
0-1

[Event "AChIP06"]
[Site "Paris"]
[Date "????.??.??"]
[Round "8.6"]
[White "Pozdnjakov, Viatcheslav"]
[Black "Landie, Thibault"]
[Result "0-1"]
[WhiteElo "2192"]
[BlackElo "2094"]
[PlyCount "104"]

1. d4 d5 2. Nf3 e6 3. e3 f5 4. c4 c6 5. Nc3 Nf6 6. Bd3 Bd6 7. b3 Ne4 8. Bb2 Nd7
9. Qc2 O-O 10. h3 Ndf6 11. g4 Nxc3 12. Bxc3 Ne4 13. gxf5 exf5 14. O-O-O Qe7 15.
Rdg1 Bd7 16. Rg2 Kh8 17. h4 h6 18. h5 Be8 19. Bb2 f4 20. Bxe4 fxe3 21. fxe3
Rxf3 22. Bxf3 Qxe3+ 23. Kb1 Qxf3 24. Qe2 Qf5+ 25. Ka1 Bf7 26. Rf2 Qd7 27. c5
Bc7 28. Rhf1 Rf8 29. Rf5 Bd8 30. Qf2 Kg8 31. Bc1 Qe7 32. Qf4 Qe6 33. Qe5 Bf6
34. Qxe6 Bxe6 35. R5f4 Bxd4+ 36. Bb2 Rxf4 37. Rxf4 Bxc5 38. Be5 Be7 39. Rf1 Bf7
40. Rh1 Bg5 41. Kb2 g6 42. hxg6 Bxg6 43. Kc3 Kf7 44. Kd4 Ke6 45. Bg7 h5 46. Rg1
Bf6+ 47. Bxf6 Kxf6 48. Rf1+ Bf5 49. Rf4 Kg5 50. Ke5 Be4 51. Rf7 h4 52. Rg7+ Bg6
0-1

[Event "AChIP06"]
[Site "Paris"]
[Date "????.??.??"]
[Round "8.7"]
[White "Leroux, Richard"]
[Black "Gervasio, Ricardo"]
[Result "1/2-1/2"]
[WhiteElo "2150"]
[BlackElo "2293"]
[PlyCount "92"]

1. d4 Nf6 2. c4 e6 3. Nf3 b6 4. Nc3 Bb7 5. a3 Be7 6. Bg5 Ne4 7. Nxe4 Bxe4 8.
Bxe7 Qxe7 9. e3 O-O 10. Bd3 Bxd3 11. Qxd3 d6 12. O-O Nd7 13. Rfd1 f5 14. b4
Rad8 15. b5 Kh8 16. Qc3 Ra8 17. Rac1 a5 18. Rd2 Rae8 19. Rcd1 e5 20. dxe5 Nxe5
21. Nxe5 Qxe5 22. Qxe5 Rxe5 23. Rd5 Rfe8 24. g3 g6 25. Kg2 Kg7 26. h4 Kf6 27.
Kf3 R8e7 28. R5d4 h5 29. R1d2 Rc5 30. Ke2 Rce5 31. Kf3 Re4 32. Rd1 R7e5 33.
R1d2 Rg4 34. Rxg4 hxg4+ 35. Ke2 Rc5 36. Rd4 Ke5 37. f4+ gxf3+ 38. Kxf3 Kf6 39.
a4 g5 40. hxg5+ Kxg5 41. e4 fxe4+ 42. Rxe4 Rf5+ 43. Rf4 Rc5 44. Rd4 Rf5+ 45.
Rf4 Rc5 46. Rd4 Rf5+ 1/2-1/2

[Event "AChIP06"]
[Site "Paris"]
[Date "????.??.??"]
[Round "8.8"]
[White "Debray, Christopher"]
[Black "Derieux, Christian"]
[Result "1-0"]
[WhiteElo "2284"]
[BlackElo "2145"]
[PlyCount "33"]

1. e4 c5 2. Nf3 d6 3. Bb5+ Nd7 4. d4 Ngf6 5. O-O Nxe4 6. Re1 Nef6 7. Bg5 e6 8.
d5 Be7 9. Bxf6 gxf6 10. dxe6 fxe6 11. Ng5 fxg5 12. Qh5+ Kf8 13. Qh6+ Kf7 14.
Qxe6+ Ke8 15. Qh6 Rg8 16. Qxh7 Rf8 17. Nc3 1-0

[Event "AChIP06"]
[Site "Paris"]
[Date "????.??.??"]
[Round "8.9"]
[White "Pozdnjakov, Evgueniy"]
[Black "Ferry, Roger"]
[Result "0-1"]
[WhiteElo "2240"]
[BlackElo "2121"]
[PlyCount "72"]

1. d4 d5 2. Nf3 Nf6 3. e3 c6 4. c4 e6 5. b3 Bb4+ 6. Bd2 Bxd2+ 7. Nbxd2 Ne4 8.
Bd3 f5 9. Bxe4 fxe4 10. Ne5 O-O 11. O-O Nd7 12. Nxd7 Bxd7 13. f3 Qg5 14. Qe2 e5
15. dxe5 Qxe5 16. cxd5 cxd5 17. fxe4 Bc6 18. Rxf8+ Rxf8 19. Rf1 Rxf1+ 20. Qxf1
dxe4 21. Qc4+ Kf8 22. Qd4 Qd5 23. Nf1 a6 24. Kf2 Kf7 25. Ke1 Qa5+ 26. Qd2 Qe5
27. a4 Bd5 28. Qc2 Qe6 29. Nd2 Qe5 30. h3 Qg3+ 31. Kf1 Qxe3 32. Qc7+ Ke6 33.
Nc4 Qd3+ 34. Kf2 e3+ 35. Kg1 Bxc4 36. bxc4 Qd1+ 0-1

[Event "AChIP06"]
[Site "Paris"]
[Date "????.??.??"]
[Round "8.10"]
[White "Debeaune, Robin"]
[Black "Arnaudov, G. Petar"]
[Result "0-1"]
[WhiteElo "2150"]
[BlackElo "2220"]
[PlyCount "71"]

1. f4 Nf6 2. Nf3 g6 3. b3 Bg7 4. Bb2 O-O 5. e3 d6 6. Be2 Nbd7 7. O-O c6 8. c4
a6 9. Nc3 b5 10. Nd4 Bb7 11. Bf3 Qb6 12. a4 e5 13. a5 Qc7 14. Nc2 Rfe8 15. d4
exd4 16. exd4 d5 17. cxd5 cxd5 18. f5 Ne4 19. fxg6 hxg6 20. Ne2 Ndf6 21. Nb4
Bc8 22. Nd3 Ng4 23. Nef4 Ne3 24. Qc1 Qxc1 25. Rfxc1 g5 26. Nh5 Bh8 27. Ne5 Nd2
28. Rc7 Be6 29. Kf2 Nf5 30. b4 Nb3 31. Rd1 Rec8 32. Rxc8+ Rxc8 33. Kg1 Rc2 34.
Ba1 Nxa1 35. Rxa1 Nxd4 36. Rd1 0-1

[Event "AChIP06"]
[Site "Paris"]
[Date "????.??.??"]
[Round "9.2"]
[White "Landie, Thibault"]
[Black "Nemirovski, Serge"]
[Result "1-0"]
[WhiteElo "2094"]
[BlackElo "2268"]
[PlyCount "99"]

1. e4 e6 2. d4 d5 3. Nd2 a6 4. c3 c5 5. Ngf3 cxd4 6. Nxd4 dxe4 7. Nxe4 e5 8.
Nf3 Qxd1+ 9. Kxd1 Nc6 10. Be2 f5 11. Ned2 Bc5 12. Rf1 e4 13. Ne1 Nf6 14. Nc4
Be6 15. Nc2 O-O-O+ 16. Ke1 b5 17. Be3 Bxe3 18. N4xe3 f4 19. Nd1 Rhe8 20. Rg1
Ng4 21. a4 bxa4 22. Bxa6+ Kc7 23. Bb5 Re7 24. Bxc6 Kxc6 25. Nd4+ Kb6 26. Nxe6
Rxe6 27. Rxa4 Red6 28. Rd4 Rxd4 29. cxd4 Rxd4 30. Ke2 Rb4 31. f3 Ne5 32. fxe4
Rxe4+ 33. Kd2 Rd4+ 34. Kc3 Rc4+ 35. Kd2 Rd4+ 36. Kc3 Rc4+ 37. Kd2 Rb4 38. Re1
Rd4+ 39. Kc3 Rd5 40. Nf2 g5 41. Re4 Rc5+ 42. Kd2 Nc4+ 43. Ke2 Nd6 44. Re6 Rc2+
45. Kf3 Kc6 46. Ne4 g4+ 47. Kxf4 Rxg2 48. Rxd6+ Kc7 49. Rh6 Rxb2 50. Kxg4 1-0

[Event "AChIP06"]
[Site "Paris"]
[Date "????.??.??"]
[Round "9.3"]
[White "Stoenescu, Radu"]
[Black "Lebrun, Xavier"]
[Result "0-1"]
[WhiteElo "2123"]
[BlackElo "2220"]
[PlyCount "118"]

1. e4 d6 2. d4 Nf6 3. Nc3 Nbd7 4. f4 e5 5. Nf3 exd4 6. Qxd4 c6 7. Be3 d5 8.
O-O-O Bc5 9. Qd2 Bxe3 10. Qxe3 Qb6 11. Re1 dxe4 12. Nxe4 O-O 13. Bc4 Nxe4 14.
Qxe4 Nc5 15. Bxf7+ Rxf7 16. Qc4 Be6 17. Rxe6 Nxe6 18. Qxe6 c5 19. Qc4 Qb4 20.
Qxb4 cxb4 21. g3 Rc7 22. Rd1 Rac8 23. Rd2 a5 24. Ne1 Re7 25. Kd1 Ree8 26. Nd3
Rcd8 27. Rf2 Re4 28. Kd2 Kf7 29. Rf3 h5 30. h3 Kf6 31. Rf1 g6 32. Rf2 Rde8 33.
Rg2 b6 34. Nc1 Rd8+ 35. Nd3 Rde8 36. g4 hxg4 37. hxg4 Rd8 38. Rf2 Rh8 39. c3
bxc3+ 40. Kxc3 Rh3 41. b3 Rg3 42. g5+ Kf5 43. Kc2 Rd4 44. Ne5 Rxf4 45. Rxf4+
Kxf4 46. Nxg6+ Kxg5 47. Ne5 Rg2+ 48. Kc3 Rxa2 49. Nc4 b5 50. Nd6 b4+ 51. Kc4
Ra3 52. Nb5 Ra1 53. Nd6 Kf4 54. Kb5 Ke3 55. Nc4+ Kd4 56. Nxa5 Kc3 57. Nc4 Rh1
58. Ka4 Rh8 59. Kb5 Rb8+ 0-1

[Event "AChIP06"]
[Site "Paris"]
[Date "????.??.??"]
[Round "9.4"]
[White "Ferry, Roger"]
[Black "Debray, Christopher"]
[Result "0-1"]
[WhiteElo "2121"]
[BlackElo "2284"]
[PlyCount "112"]

1. d4 f5 2. Nf3 g6 3. g3 Bg7 4. Bg2 Nf6 5. O-O O-O 6. c4 d6 7. Nc3 Qe8 8. e4
fxe4 9. Ng5 Nc6 10. Nb5 Qd8 11. d5 Ne5 12. Nd4 Bg4 13. Qb3 Qc8 14. Nde6 Re8 15.
Nxe4 Be2 16. Re1 Bxc4 17. Qc3 Nxd5 18. Qd2 Qxe6 19. Ng5 Qf5 20. Be4 Qf6 21.
Bxd5+ Bxd5 22. Qxd5+ e6 23. Qxb7 Nd3 24. Ne4 Qf3 25. Rf1 Rab8 26. Qc6 Nb4 27.
Qa4 Nd3 28. Nc3 Rf8 29. Qxa7 c5 30. Be3 Rxb2 31. Nd1 Rb7 32. Qa3 Bxa1 33. Qxd3
Bd4 34. Qc4 Qd5 35. Qa6 Rb1 36. Qd3 Qf5 37. Qd2 Bxe3 38. Nxe3 Rxf1+ 39. Kxf1
Qe5 40. a4 d5 41. Ng4 Qd4 42. Qg5 c4 43. h3 Qg7 44. a5 c3 45. a6 c2 46. Qc1 h5
47. Ne3 Qc3 48. Nxc2 Qxg3 49. Qe1 Qxh3+ 50. Kg1 Qg4+ 51. Kf1 Qc4+ 52. Kg1 Qxc2
53. Qxe6+ Rf7 54. Qe3 Qb1+ 55. Kh2 Qa2 56. Kg2 Qxa6 0-1

[Event "AChIP06"]
[Site "Paris"]
[Date "????.??.??"]
[Round "9.5"]
[White "Quach, Charlie"]
[Black "Rene, Benoit"]
[Result "1-0"]
[WhiteElo "2112"]
[BlackElo "2256"]
[PlyCount "70"]

1. d4 g6 2. c4 Nf6 3. Nc3 d5 4. cxd5 Nxd5 5. e4 Nxc3 6. bxc3 Bg7 7. Bc4 c5 8.
Ne2 Nc6 9. Be3 O-O 10. O-O e6 11. a3 cxd4 12. cxd4 Na5 13. Ba2 b6 14. Qd3 Bb7
15. Rac1 Qd7 16. d5 exd5 17. exd5 Rac8 18. h4 Nc6 19. Rfd1 Ne5 20. Qe4 Rfe8 21.
Rxc8 Rxc8 22. f3 Re8 23. Kf2 h5 24. Qc2 Rc8 25. Qe4 Re8 26. Qc2 Ba6 27. Nf4 Qe7
28. Kg3 Ng4 29. Bc1 Ne3 30. d6 Nxc2 31. dxe7 Rxe7 32. Nxg6 Re2 33. Rd7 Ne1 34.
Bxf7+ Kh7 35. Nf4 Rc2 1-0

[Event "AChIP06"]
[Site "Paris"]
[Date "????.??.??"]
[Round "9.6"]
[White "Arnaudov, G. Petar"]
[Black "Sonter, Matthew"]
[Result "1-0"]
[WhiteElo "2220"]
[BlackElo "2169"]
[PlyCount "171"]

1. e4 c5 2. Nf3 d6 3. d4 cxd4 4. Nxd4 Nf6 5. Nc3 e6 6. Be3 Be7 7. Be2 Nc6 8.
O-O O-O 9. f4 Qc7 10. Kh1 Bd7 11. Nb3 Na5 12. e5 Ne8 13. f5 Nxb3 14. f6 gxf6
15. exf6 Bxf6 16. Rxf6 Nxf6 17. axb3 Ne8 18. Bh6 Ng7 19. b4 f5 20. Ra3 b6 21.
Nd5 exd5 22. Bxg7 Kxg7 23. Qd4+ Rf6 24. Rg3+ Kf7 25. Qxd5+ Re6 26. Qxf5+ Ke7
27. Qg5+ Rf6 28. Re3+ Be6 29. Bg4 Qc4 30. Rxe6+ Qxe6 31. Bxe6 Kxe6 32. h4 Raf8
33. Qh5 R8f7 34. Kh2 Rf2 35. Qg4+ Ke7 36. Kh3 Kf8 37. Qc8+ Kg7 38. Qc3+ Kg8 39.
Qg3+ Kh8 40. c4 R2f6 41. Qg5 h6 42. Qd5 Kg7 43. g3 Kh7 44. Qe4+ Kg7 45. Qd4 Kh7
46. h5 Kg7 47. Qd3 Kf8 48. Qd4 Kg8 49. Kh4 Kh7 50. g4 Kg8 51. Qd5 Kh8 52. g5
Rf4+ 53. Kg3 hxg5 54. Qxd6 Rxc4 55. Qd8+ Kg7 56. Qxg5+ Kh8 57. Qb5 Rcc7 58. Kg4
Rce7 59. Qd5 Rg7+ 60. Kf5 Ref7+ 61. Ke6 Kh7 62. Qd8 Kh6 63. Qh8+ Rh7 64. Qe8
Rfg7 65. Kf6 Rg3 66. Qe4 Rhg7 67. Qa8 Rh7 68. Qd5 Rhg7 69. Qa8 Rh7 70. Qc6 Rhg7
71. Qe4 R3g5 72. Qe8 Rh7 73. Qc8 Rgg7 74. Qe6 Rg5 75. Qe8 Rg3 76. Qc6 Rg5 77.
Qe6 Rhg7 78. Qc8 Rh7 79. Qb8 Rg4 80. Qd6 Rg5 81. Qd8 Rgg7 82. Qe8 Rg3 83. Qf8+
Kxh5 84. Qe8+ Kh6 85. Qe4 Rh3 86. Qg6# 1-0

[Event "AChIP06"]
[Site "Paris"]
[Date "????.??.??"]
[Round "9.7"]
[White "Launiau, Severin"]
[Black "Baillon, Olivier"]
[Result "1/2-1/2"]
[WhiteElo "2100"]
[BlackElo "2207"]
[PlyCount "78"]

1. c4 b6 2. Nc3 Bb7 3. d4 e6 4. Nf3 Bb4 5. e3 f5 6. Bd3 Nf6 7. O-O O-O 8. Nd2
Bxc3 9. bxc3 d6 10. f3 Nbd7 11. e4 f4 12. Nb3 Nh5 13. c5 bxc5 14. dxc5 Ne5 15.
cxd6 Qxd6 16. Be2 Qb6+ 17. Qd4 Rfd8 18. Qxb6 axb6 19. a4 Nd3 20. a5 Nxc1 21.
Rfxc1 bxa5 22. Rxa5 Rxa5 23. Nxa5 Ba8 24. Kf1 Nf6 25. Bc4 Kf7 26. Rb1 Ke7 27.
Nb3 e5 28. Ke2 Rb8 29. Rd1 Bc6 30. Rd2 Bb5 31. Bxb5 Rxb5 32. Nc1 Nd7 33. Nd3 c6
34. Nb4 Rb6 35. Kd3 Kd6 36. Kc4+ Kc7 37. Ra2 Rb7 38. Ra5 Kd6 39. Kd3 Nc5+
1/2-1/2

[Event "AChIP06"]
[Site "Paris"]
[Date "????.??.??"]
[Round "9.8"]
[White "Vialatte, Jean-Charles"]
[Black "Sohier, Julien"]
[Result "0-1"]
[WhiteElo "2091"]
[BlackElo "2203"]
[PlyCount "132"]

1. d4 d5 2. c4 dxc4 3. Nf3 Nf6 4. Nc3 a6 5. a4 Nc6 6. e3 Na5 7. Ne5 Be6 8. g4
g6 9. Bg2 Bg7 10. O-O O-O 11. f4 Nd5 12. f5 Nxc3 13. bxc3 Bc8 14. Qe2 c5 15.
Nxc4 cxd4 16. Nxa5 d3 17. Qd2 Qxa5 18. Qxd3 Bxc3 19. Rb1 Bf6 20. fxg6 fxg6 21.
Qd5+ Qxd5 22. Bxd5+ Kg7 23. Bxb7 Rb8 24. g5 Bxg5 25. Bb2+ Bf6 26. Bxf6+ Rxf6
27. Bxc8 Rxf1+ 28. Rxf1 Rxc8 29. Rf4 a5 30. Rd4 Rc3 31. Rd5 Rxe3 32. Rxa5 Re2
33. Ra8 h5 34. a5 h4 35. a6 h3 36. a7 Ra2 37. Rb8 Rxa7 38. Rb3 e5 39. Rxh3 Ra1+
40. Kf2 Ra2+ 41. Kg1 g5 42. Rb3 Kf6 43. Rf3+ Ke6 44. h3 e4 45. Rb3 Ke5 46. Rg3
Kf4 47. Rg4+ Kf5 48. Rg3 Rd2 49. Ra3 Kf4 50. Ra5 e3 51. Kf1 Rh2 52. Ra8 Rxh3
53. Rf8+ Kg3 54. Rg8 g4 55. Ke2 Rh7 56. Re8 Kg2 57. Kxe3 g3 58. Rg8 Kh2 59. Kf3
Rf7+ 60. Ke2 g2 61. Rh8+ Kg1 62. Rh6 Re7+ 63. Kd2 Re5 64. Kd3 Kf2 65. Kd4 Re1
66. Rf6+ Ke2 0-1

[Event "AChIP06"]
[Site "Paris"]
[Date "????.??.??"]
[Round "9.9"]
[White "Gidel, Jean-Louis"]
[Black "Leuly, Max"]
[Result "1/2-1/2"]
[WhiteElo "2173"]
[BlackElo "2157"]
[PlyCount "38"]

1. c4 e6 2. d4 d5 3. Nf3 c5 4. cxd5 exd5 5. g3 Nc6 6. Bg2 Nf6 7. O-O Be7 8.
dxc5 Bxc5 9. Nbd2 O-O 10. Nb3 Bb6 11. Nbd4 Re8 12. Re1 Bg4 13. Be3 Rc8 14. h3
Bh5 15. g4 Bg6 16. Bg5 Be4 17. Nxc6 bxc6 18. Qd2 h6 19. Bf4 Bh7 1/2-1/2

[Event "AChIP06"]
[Site "Paris"]
[Date "????.??.??"]
[Round "9.10"]
[White "Gervasio, Ricardo"]
[Black "Woehrel, Hermann"]
[Result "1/2-1/2"]
[WhiteElo "2293"]
[BlackElo "2160"]
[PlyCount "160"]

1. d4 Nf6 2. Nf3 e6 3. Bf4 b6 4. e3 Bb7 5. Nbd2 Be7 6. Bd3 Nh5 7. Bg3 d6 8. a4
a5 9. Qe2 Nd7 10. e4 c6 11. e5 d5 12. O-O g6 13. Qe3 h6 14. c4 Ng7 15. Rfe1 Nf5
16. Qe2 h5 17. Bf4 Ba6 18. b3 Nf8 19. Rac1 Rc8 20. Nb1 h4 21. h3 Nh7 22. Nc3
O-O 23. Kh1 Kh8 24. cxd5 Bxd3 25. Qxd3 cxd5 26. Nb5 Rxc1 27. Bxc1 Bb4 28. Rd1
Qe7 29. Qc2 Qd7 30. Ng5 Rc8 31. Qe2 Nxg5 32. Bxg5 Be7 33. Qd2 Qd8 34. Bf4 Rc6
35. Kh2 Kh7 36. g4 hxg3+ 37. fxg3 g5 38. Be3 Qg8 39. Rc1 Rxc1 40. Qxc1 Qg6 41.
Bf2 g4 42. h4 Bxh4 43. Kg2 Bg5 44. Qe1 Qh6 45. Nd6 Qg6 46. Nc8 Bd8 47. Qc3 Qh6
48. Nd6 Kg7 49. Nxf5+ exf5 50. Qc8 Qh3+ 51. Kg1 Bh4 52. Qxf5 Bxg3 53. Qf6+ Kg8
54. Qg5+ Kf8 55. Qd8+ Kg7 56. Qf6+ Kg8 57. Qg5+ Kf8 58. Be3 Bh4 59. Qf4 g3 60.
Qf3 Qh2+ 61. Kf1 g2+ 62. Qxg2 Qxg2+ 63. Kxg2 Ke7 64. Kh3 Be1 65. Kg4 Ke6 66.
Kf3 Kf5 67. Ke2 Bh4 68. Kd3 Bg3 69. Bh6 Bh4 70. Bf8 f6 71. Be7 Bg5 72. e6 Kxe6
73. Bd8 Bh4 74. Bxb6 Be1 75. Bc5 Kd7 76. Ke3 Ke6 77. Kd3 Kd7 78. Bf8 Ke8 79.
Ba3 Kd7 80. Bb2 Bg3 1/2-1/2